000 00639cam a22002057a 4500
001 000008478
005 20200929161340.0
008 941117s1993 ec 000 0 spa
010 _a94230259
040 _aDO-SdBNP
_cBNPHU
082 _aE863.44
_bR333p
100 1 _aRegalado, Libertad,
_d1953-
_922792
245 1 4 _aLas palabras sumergidas :
_bcuentos /
_cLibertad Regalado.
260 _aManta, Ecuador :
_bUniversidad Laica "Eloy Alfaro" de Manabi,
_c1993.
300 _a95 p. ;
_c20 cm.
650 4 _aCuentos ecuatorianos
_917829
650 4 _aLiteratura ecuatoriana
_93938
910 _aCatalogación por copia / LC
049 _aBNGR
999 _c8249
_d8249